Statistics for Famous Dutch Paintings

Click here to take the quiz!

General Stats

  • This quiz has been taken 93 times
  • The average score is 8 of 16

Answer Stats

Answer% Correct
The Starry Night
96%
Vincent van Gogh
85%
Sunflowers
82%
Rembrandt van Rijn
76%
The Night Watch
70%
Girl with a Pearl Earring
62%
Vincent van Gogh
58%
Rembrandt van Rijn
52%
The Potato Eaters
45%
The Milkmaid
44%
Johannes Vermeer
39%
Piet Mondriaan
30%
Frans Hals
23%
The Jewish Bride
13%
Jan Steen
11%
The Threatened Swan
6%

Score Distribution

Percentile by Number Answered

Percent of People with Each Score

Your Score History

You have not taken this quiz